El inglés profesional y académico
Gardado en:
| Autor Principal: | |
|---|---|
| Formato: | Libro |
| Idioma: | Lingua castelá |
| Publicado: |
Madrid
Alianza
2000
|
| Series: | Materiales. Filología y Lingüística, 38
|
| Subjects: | |
| Tags: |
Engadir etiqueta
Sen Etiquetas, Sexa o primeiro en etiquetar este rexistro!
|
MARC
| LEADER | 00000nam a2200000 a 4500 | ||
|---|---|---|---|
| 001 | UCM8792 | ||
| 003 | CL-VaPUC | ||
| 008 | 030328e20000000SP |||||||||||||||||spa|d | ||
| 082 | 0 | 4 | |a 420 |b ALC |2 21 |
| 100 | 0 | |a Alcaraz Varó, Enrique |e author |9 474991 | |
| 245 | 1 | 3 | |a El inglés profesional y académico |
| 300 | |a 240 p | ||
| 942 | |c BK | ||
| 945 | |d 20030328 00:00:00 |a vberengu | ||
| 260 | |a Madrid |b Alianza |c 2000 | ||
| 650 | 0 | |a Lenguaje y lenguas |9 265846 | |
| 650 | 0 | |a Inglés |9 260023 | |
| 650 | 0 | |a Lingüística |9 265068 | |
| 650 | 0 | |a Lexicología |9 323170 | |
| 650 | 7 | |a MORFOSINTAXIS |2 CL-VaPUC |9 387664 | |
| 583 | |a last modification |c 20030328 00:00:00 |k Rodrigo Vera | ||
| 490 | 0 | |a Materiales. Filología y Lingüística, 38 | |
| 999 | |c 303214 |d 303212 | ||
| 952 | |0 0 |1 0 |4 0 |6 420_000000000000000_ALC_2000 |7 0 |8 A |9 364371 |a BIBEDU |b BIBEDU |d 2019-11-21 |i 3886158 |o 420 ALC 2000 |p 3886158 |r 2019-11-21 |w 2019-11-21 |y BK |k LIT | ||